| 000 | 01443nam a2200301 a 4500 | ||
|---|---|---|---|
| 001 | BRCA_8258 | ||
| 005 | 20190320210211.0 | ||
| 008 | 300514s1780----sz-abe#f##---#001-0#fre-# | ||
| 041 | _afre | ||
| 044 | _asz | ||
| 050 | 4 |
_aD22 _b.R39 1780 |
|
| 100 | 1 |
_aRaynal, Guillaume-Thomas _d1713-1796 _920615 |
|
| 245 | 1 | 0 |
_aHistoire philosophique et politique des établissemens et du commerce des Européens dans les deux Indes _cPar Guillaume-Thomas Raynal. |
| 260 |
_aGénova, Suiza _bChez Jean-Leonard Pellet _c1780 |
||
| 300 |
_a4 vol. _bil., mapas, planos _c26 cm. |
||
| 500 | _aEjemplares se encuentran en caja fuerte | ||
| 500 | _aFondo antiguo | ||
| 500 | _aT-30 | ||
| 500 | _aCon Ex-libris de: Franz Mayer y C.D´OETTING | ||
| 500 | _aV.1 - V. III Incluye tabla alfabética de materias y tabla de indicaciones | ||
| 500 | _aNota de encuadernación: en piel, pasta española | ||
| 505 | 0 | _aTomos I-IV: Histoire philosophique et politique des établissemens et du commerce des Européens dans les deux Indes.-- Atlas: Atlas des toutes les parties connues du Globe Terrestre, dresse: Histoire philosophique et politique des établissemens et du commerce des Européens dans les deux Indes | |
| 506 | 0 | _aFondo reservado: para su consulta es necesario credencial de usuario y carta de motivos | |
| 650 | 1 | 4 |
_aColonización _xHistoria _920616 |
| 650 | 1 | 4 |
_aComercio _vPaises dominados _xHistoria _920617 |
| 902 | _aLAR | ||
| 942 |
_2lcc _cB |
||
| 999 |
_c7926 _d7926 |
||